01532nam a22001937a 4500003000400000005001700004008004100021020001800062100001700080245002900097260005600126300003600182520091100218650002801129650002101157942001501178952013001193999001501323OSt20251020165818.0251020b |||||||| |||| 00| 0 eng d a9789978483329 aJean Webster aPapaito piernas largas  aQuito-EcuadorbVelasquez & Velasquez Editoresc2013 a206c14 cm × 21 cm × 0,50 cm. aLa historia sigue a Jerusha “Judy” Abbott, una joven huérfana que ha pasado toda su infancia en un orfanato llamado John Grier Home. Un día, los administradores reciben la visita de un misterioso benefactor que decide pagarle los estudios universitarios a Judy, impresionado por su talento para la escritura. La única condición es que ella le escriba una carta cada mes, contándole su vida en la universidad, aunque él nunca le responderá ni revelará su identidad. Judy, que solo alcanzó a ver la sombra del hombre cuando se iba (alta y con piernas largas), lo apoda cariñosamente “Papaito Piernas Largas” (Daddy-Long-Legs en inglés). Durante sus años de estudio, Judy escribe con humor, inocencia y sinceridad sobre sus experiencias, amistades, descubrimientos y emociones. A medida que madura, desarrolla un fuerte sentido de independencia y comienza a escribir novelas. 2Papaito piernas largas  2Jugar y aprender 2ddccBKn0 00102ddc40708F02aISUSbISUScBiblioteca Abiertad2025-10-20i0441l0pBIBLIO0441r2025-10-20 17:00:31t1w2025-10-20yBK c2011d2011